000 00785nam a2200289Ia 4500
003 OSt
005 20220912150838.0
006 a|||||r|||| 00| 0
007 ta
008 220909b |||||||| |||| 00| 0 eng d
024 _a27529
037 _cTextual
040 _aCSL
_beng
_cCSL
041 _aeng
082 _aB281, M2
100 _aLarson Harald J
245 0 _aIntroduction to probability theory and statistical inference
250 _a3rd
260 _aNew York
_b John Wiley
_c1982
300 _axi,637p.
_ccm.
490 _aWiley series in probability and mathematical statistics
650 _a inference
650 _a statistics
650 _aprobability
942 _hB281, M2
_cTEXL
_2CC
999 _c56089
_d56089